| 000 | 01128cam a2200265 4500 | ||
|---|---|---|---|
| 001 | ABS63729 | ||
| 008 | 000000n2001 000 0 eng u | ||
| 035 | _a(Sirsi) u111564 | ||
| 100 | _aFerris, J. | ||
| 245 | _aFor the common good | ||
| 260 | _c2001 | ||
| 490 |
_aProperty Week _v66(11) 16 March 2001, 54(1) |
||
| 520 | _aThe Commonhold and Leasehold Reform Bill had its committee stage in the HL on 27 February 2001. Commonhold is expected to provide new opportunities and increased flexibility for developers and occupiers, serving as a better way to enforce the rights and obligations of freeholds. Describes how commonhold will work. Considers who is likely to benefit from it, whether it is likely to improve the current situation, and the implications for commercial property. | ||
| 590 | _aABS | ||
| 650 | _aFREEHOLDS | ||
| 650 | _aOBLIGATIONS | ||
| 650 | _aCOMMONHOLD AND LEASEHOLD REFORM BILL | ||
| 650 | _aFLEXIBILITY | ||
| 650 | _aBENEFITS | ||
| 650 | _aCOMMONHOLD | ||
| 650 | _aLEASEHOLD REFORM | ||
| 650 | _aLEASEHOLD SYSTEM | ||
| 690 | _aLANDLORD AND TENANT-LEASEHOLD REFORM | ||
| 942 | _n0 | ||
| 999 |
_c66481 _d66481 |
||